A to Z: Cuisine (Part 3) - Statistics

General Stats
  • This quiz has been taken 31 times
  • The average score is 12 of 26
Answer Stats
Hint Answer % Correct
B Beet soup Borscht
82%
C A spiced Spanish sausage Chorizo
79%
K Pickled spiced vegetables, Korean style Kimchi
75%
M Cocktail which James Bond likes “shaken, not stirred” Martini
75%
W A spicy, green paste which clears the sinuses and shouldn’t be eaten in large amounts Wasabi
71%
A These “nuts” give you a stomach ache if too many are eaten due to trace amounts of cyanide Almond
68%
H The key ingredient in Nutella Hazelnut
68%
N Used to spice eggnog, along with the occasional cider or french toast Nutmeg
68%
U The fifth basic taste, found in mushrooms, tomatoes, and seaweed Umami
61%
V A yeast extract popular in Australia Vegemite
61%
T A popular desert in Türkiye involving powdered confection cubes Turkish delight
57%
Z The process of grinding a peel extremely finely for added flavor Zesting
54%
F Fattened duck or goose liver Foie gras
50%
G A Cajun stew served over rice Gumbo
50%
R This plant, which is regularly used in pie, has poisonous leaves Rhubarb
50%
J Similar to G, but rather than a stew it’s a one-pot rice dish which is thickened with a roux Jambalaya
46%
O A bony cut of beef popular in Caribbean and Chinese cooking Oxtail
32%
S These meat skewers are eaten throughout Southeast Asia and are best dipped in peanut sauce or sriracha Satay
32%
X A food additive used as a thickener Xanthan gum
32%
D Stuffed grape leaves Dolmades
25%
Y A component of Toad in a Hole, alongside bangers Yorkshire pudding
25%
Q A yellow fruit which is hard and bitter when raw, but becomes sweeter and softer when cooked Quince
21%
L A thin, Middle Eastern wrap Lavash
11%
P A mix of tallow, dried meat, and dried berries found in Native American cooking Pemmican
7%
E A variety of endive with a bitter flavor that is mellowed when used as a cooking green Escarole
4%
I A desert involving layers of pudding and graham crackers, chilled Icebox cake
0%
No matching quizzes found
Score Distribution
Percent of People with Each Score
Percentile by Number Answered
Your Score History
You have not taken this quiz